00610nam a22001457a 4500008004000000020001800040050002500058110005800083245013200141250001100273260006700284300002100351650003400372710005800406131018t mx||||| |||| 00| 0 spa d a978607788822204aKGF2202.P9bC67 20091 aMéxico. Comisión Nacional de los Derechos Humanos14aLos problemas del derecho indígena en México /cJosé Ramón Cossío Díaz, Comosión Nacional de los Derechos Humanos a2a ed. aMéxico :bComisión Nacional de los Derechos Humanos,c2009 a213 p. ;c22 cm. 72LembaIndígenas de México1 aMéxico. Comisión Nacional de los Derechos Humanos